000 00377cam a2200169ua 4500
041 _aeng
_h
082 _a828.09
_bMAS/WI
100 _aMasfield, John .
245 _aWilliam shakespeare
250 _a1 /
_b.
260 _aMelbourne :
_bWilliam Heinemann Ltd ,
_c1961.
300 _a184 ; .
504 _a
942 _cBK
999 _c7667
_d7667